| 000 | 01030nam a22003137a 4500 | ||
|---|---|---|---|
| 001 | 6290 | ||
| 003 | FISKH | ||
| 005 | 20250409120001.0 | ||
| 008 | 250409b cb ||||| |||| 00| 0 eng d | ||
| 040 |
_aDLC _cDLC _dDLC _beng |
||
| 050 | _aPZ7.K6797 H | ||
| 082 | _a813.54 | ||
| 100 | 1 |
_aKline, Suzy. _d(1943-) |
|
| 245 | 1 | 0 |
_aHorrible Harry and the mud gremlins / _cby Suzy Klein ; pictures by Frank Remkiewicz. |
| 250 | _aThis edition first published in 2004 | ||
| 260 |
_aNew York : _bScholastic, _c2003. |
||
| 300 |
_a50 pages : _billustrations ; _c20 cm. |
||
| 505 | _aN | ||
| 520 | _aHarry persuades his classmates to sneak through the playground fence during lunchtime recess to view some unusual mushrooms. | ||
| 521 |
_a560
_bLexile |
||
| 521 |
_aN
_bRaz-Plus |
||
| 650 | 1 |
_aHonesty _vFiction. |
|
| 650 | 1 |
_aMushrooms _vFiction. |
|
| 650 | 1 |
_aSchools _vFiction. |
|
| 700 | 1 |
_aRemkiewicz, Frank, _eillustrator |
|
| 906 |
_a7 _bcbc _corignew _d1 _eecip _f20 _gy-gencatlg |
||
| 942 |
_2ddc _cBK _n0 |
||
| 999 |
_c6290 _d6290 |
||